Animes en images - Statistiques

Statistiques générales
  • Ce quiz a été pris 352 fois
  • Le résultat moyen est 11 sur 25
Statistiques - réponses
Par images Réponse % Correct
Blue Lock
82%
Vinland Saga
73%
Haikyuu
69%
Chainsaw Man
68%
Shingeki no Kyojin
68%
Jujutsu Kaisen
67%
Demon Slayer
66%
Cyberpunk Edgerunners
65%
My Hero Academia
52%
Black Clover
50%
Naruto
48%
Death Parade
44%
Sword art Online
42%
Soul Eater
40%
One Piece
37%
Fruits Basket
35%
My Dress-up Darling
34%
High School of the Dead
28%
Re:Zero
24%
Violet Evergarden
24%
Love is War
19%
Mob Psycho 100
19%
Wonder Egg Priority
19%
Saint Seiya
11%
Paripi Koumei
6%
Aucun quiz correspondant
Distribution des résultats
% des personnes avec chaque résultat
Percentile par nombre de réponses
Votre historique - résultats
Vous n’avez pas pris ce quiz